Quick Pick: One Hundred and One Dalmatians Characters Quiz Stats

 Plays Quiz Updated Aug 3, 2018

Score 0/15 Timer 01:30
2 Plays Today
% Correct
Cruella De Vil
96.3%
Pongo
94.2%
Patch
88.4%
Lucky
88.4%
Perdita
88%
Jasper
82%
Rolly
80.1%
Anita Radcliffe
79.6%
% Correct
Roger Radcliffe
79.3%
Sgt. Tibbs
73.9%
Colonel
71%
Horace Badun
69.4%
Captain
57.8%
Towser
56.4%
Miss Birdwell
43.4%

Today's Daily Dose

Missing Word
No Snow!

Word Ladder
Wild Cats

On This Day
December 16th II

You're not logged in!

Compare scores with friends on all Sporcle quizzes.
OR
Log In

You Might Also Like...

Show Comments

Extras

Top Quizzes Today


Score Distribution

Your Account Isn't Verified!

In order to create a playlist on Sporcle, you need to verify the email address you used during registration. Go to your Sporcle Settings to finish the process.

Report this User

Report this user for behavior that violates our Community Guidelines.

Details: